[Event "Ayvalik Walnut"]
[Site "Ayvalik"]
[Date "2023.09.12"]
[Round "2.3"]
[White "Rasulov, Vugar Ural Oglu"]
[Black "Pavlov, Mark"]
[Result "1/2-1/2"]
[WhiteElo "2538"]
[BlackElo "2267"]
[PlyCount "97"]
[EventDate "2023.09.11"]
[EventType "schev"]
[EventRounds "9"]
[EventCountry "TUR"]
[SourceTitle "EXT 2024"]
[Source "ChessBase"]
[SourceDate "2023.10.10"]
[SourceVersion "1"]
[SourceVersionDate "2023.10.10"]
[SourceQuality "1"]
[WhiteTeam "Team B"]
[BlackTeam "Team D"]
[WhiteTeamCountry "TUR"]
[BlackTeamCountry "TUR"]

1. c4 e5 2. Nc3 d6 3. d4 exd4 4. Qxd4 Nc6 5. Qd2 Be6 6. e4 g6 7. b3 Bg7 8. Bb2 Nf6 9. Bd3 0-0 10. Nge2 Nb4 11. Bb1 c6 12. Nf4 Re8 13. 0-0 a5 14. a3 Na6 15. Bc2 Qc7 16. Rad1 Rad8 17. Rfe1 Bg4 18. f3 Bc8 19. Na4 Nc5 20. Nxc5 dxc5 21. Qc1 Rxd1 22. Rxd1 Bh6 23. Nd5 cxd5 24. Qxh6 d4 25. Bc1 Nh5 26. g4 Ng7 27. Qf4 Qe7 28. Qg3 Bd7 29. a4 b6 30. Bd3 f6 31. Re1 Kf7 32. Kf2 h5 33. g5 f5 34. Bd2 Qd8 35. Bf4 h4 36. Qxh4 Rh8 37. Bc7 Rxh4 38. Bxd8 Rxh2+ 39. Kg1 Rd2 40. Bf1 Ne6 41. Bxb6 Nxg5 42. Bg2 fxe4 43. fxe4 Bh3 44. Rf1+ Ke6 45. Rf2 Bxg2 46. Rxg2 Nf3+ 47. Kf1 Nh2+ 48. Kg1 Nf3+ 49. Kf1 1/2-1/2

[Event "Belgrade Serbia op"]
[Site "Belgrade"]
[Date "2023.07.18"]
[Round "3"]
[White "Yalcinkaya, Efe"]
[Black "Pavlov, Mark"]
[Result "0-1"]
[WhiteElo "1907"]
[BlackElo "2286"]
[PlyCount "170"]
[EventDate "2023.07.16"]
[EventType "swiss"]
[EventRounds "9"]
[EventCountry "SRB"]
[SourceTitle "CBM 215 Extra"]
[Source "ChessBase"]
[SourceDate "2023.09.30"]
[SourceVersion "1"]
[SourceVersionDate "2023.09.30"]
[SourceQuality "1"]

1. e4 e6 2. d4 d5 3. e5 c5 4. c3 Nc6 5. Nf3 Bd7 6. Be2 f6 7. 0-0 fxe5 8. Nxe5 Nxe5 9. dxe5 Qc7 10. Bf4 0-0-0 11. Nd2 Nh6 12. c4 Be7 13. cxd5 exd5 14. Rc1 Rhf8 15. Bg3 Be6 16. b4 c4 17. Nf3 Nf5 18. Nd4 Nxd4 19. Qxd4 Qb6 20. Qxb6 axb6 21. a3 b5 22. Rfd1 Bg5 23. Rc2 d4 24. h4 Bh6 25. Bd3 c3 26. Bxb5 Bb3 27. Rxd4 Rxd4 28. Rxc3+ Kd8 29. Rxb3 Bf4 30. Rf3 Ke7 31. Bxf4 Rfxf4 32. Rxf4 Rxf4 33. g3 Re4 34. Bd3 Rxe5 35. a4 Re1+ 36. Kg2 Ra1 37. Be4 Rxa4 38. Bxb7 Rxb4 39. Bf3 Kf6 40. g4 Ke5 41. Kg3 Rb3 42. g5 Kf5 43. Kg2 Kf4 44. Bd5 Rb6 45. Bf3 Re6 46. Bd5 Re1 47. Kh3 Rd1 48. Bc6 Rc1 49. Bd5 Rc3+ 50. Kg2 Kg4 51. Bg8 Kxh4 52. Bxh7 Kxg5 53. Bb1 Kf4 54. Bg6 Rc5 55. Be8 g5 56. Bg6 g4 57. Bd3 Rc3 58. Ba6 Rc2 59. Kg1 Rb2 60. Bc4 Kg5 61. Kg2 Kh4 62. Kg1 Rb1+ 63. Kg2 Rc1 64. Ba6 Rc3 65. Bf1 Rc2 66. Kg1 g3 67. f3 Kg5 68. Bd3 Rd2 69. Be4 Kf4 70. Bb7 g2 71. Kh2 Ke3 72. Kg1 Rb2 73. Bc6 Kf4 74. Kh2 Kg5 75. Bd5 Rd2 76. Bb7 Kf4 77. Bc6 Ra2 78. Bd5 Ra5 79. Bc6 Rg5 80. Kg1 Kg3 81. f4 Kxf4 82. Bb7 Kg3 83. Be4 Re5 84. Bxg2 Re1+ 85. Bf1 Ra1 0-1

[Event "Vojvodina op 13th"]
[Site "Novi Sad"]
[Date "2023.06.30"]
[Round "2"]
[White "Fernandez, Daniel Howard"]
[Black "Pavlov, Mark"]
[Result "1-0"]
[WhiteElo "2518"]
[BlackElo "2286"]
[PlyCount "65"]
[EventDate "2023.06.29"]
[EventType "swiss"]
[EventRounds "9"]
[EventCountry "SRB"]
[SourceTitle "CBM 215 Extra"]
[Source "ChessBase"]
[SourceDate "2023.09.30"]
[SourceVersion "1"]
[SourceVersionDate "2023.09.30"]
[SourceQuality "1"]

1. e4 e6 2. d4 d5 3. Nd2 Be7 4. g3 Nf6 5. Bg2 c5 6. exd5 Nxd5 7. dxc5 Na6 8. Ngf3 Nxc5 9. 0-0 0-0 10. Nb3 a6 11. c4 Nb4 12. Nxc5 Bxc5 13. a3 Nd3 14. b4 Nxc1 15. Rxc1 Be7 16. c5 Qc7 17. a4 Rd8 18. Qc2 Bd7 19. Rfd1 Bc6 20. a5 Bf6 21. h4 h6 22. Nd2 Bd4 23. Ne4 Qe5 24. Kh2 g5 25. hxg5 hxg5 26. Nd6 Kg7 27. Bxc6 bxc6 28. Kg2 g4 29. Qc4 Qh5 30. Rxd4 Qh3+ 31. Kg1 Rh8 32. Rxg4+ Kf8 33. Rh4 1-0

[Event "Abu Dhabi Masters 28th"]
[Site "Abu Dhabi"]
[Date "2022.08.23"]
[Round "7"]
[White "Aditya, Varun Gampa"]
[Black "Pavlov, Mark"]
[Result "1/2-1/2"]
[WhiteElo "2127"]
[BlackElo "2341"]
[PlyCount "30"]
[EventDate "2022.08.17"]
[EventType "swiss"]
[EventRounds "9"]
[EventCountry "UAE"]
[SourceTitle "CBM 209 Extra"]
[Source "ChessBase"]
[SourceDate "2022.09.30"]
[SourceVersion "1"]
[SourceVersionDate "2022.09.30"]
[SourceQuality "1"]

1. e4 e6 2. d4 d5 3. Bd3 dxe4 4. Bxe4 Nf6 5. Bf3 Bd6 6. Ne2 0-0 7. Nbc3 c6 8. Be3 Nbd7 9. Qd2 Qe7 10. 0-0-0 a5 11. g4 a4 12. g5 Nh5 13. Ne4 b5 14. Nxd6 Qxd6 15. Bf4 Qe7 1/2-1/2

[Event "Abu Dhabi Masters 28th"]
[Site "Abu Dhabi"]
[Date "2022.08.22"]
[Round "6"]
[White "Pavlov, Mark"]
[Black "Chitlange, Sakshi"]
[Result "1/2-1/2"]
[WhiteElo "2341"]
[BlackElo "2263"]
[PlyCount "70"]
[EventDate "2022.08.17"]
[EventType "swiss"]
[EventRounds "9"]
[EventCountry "UAE"]
[SourceTitle "CBM 209 Extra"]
[Source "ChessBase"]
[SourceDate "2022.09.30"]
[SourceVersion "1"]
[SourceVersionDate "2022.09.30"]
[SourceQuality "1"]

1. d4 Nf6 2. Nf3 e6 3. g3 d5 4. Bg2 b5 5. 0-0 Bb7 6. c3 c5 7. Bg5 Nbd7 8. a4 b4 9. cxb4 cxb4 10. a5 Be7 11. Qa4 Rc8 12. Ne5 0-0 13. Bxf6 Nxf6 14. a6 Ba8 15. Nd2 Qb6 16. e3 Bd6 17. Ndf3 Rc7 18. Rfc1 Rfc8 19. Rxc7 Rxc7 20. Bf1 Bc6 21. Nxc6 Qxc6 22. Qxc6 Rxc6 23. Bd3 h6 24. Nd2 Nd7 25. Nb3 Nb6 26. Na5 Rc7 27. Bb5 Kf8 28. b3 Nc8 29. Nc6 Ne7 30. Rc1 Nxc6 31. Rxc6 Rxc6 32. Bxc6 Bc7 33. Bb7 Bd6 34. Bc6 Bc7 35. Bb7 Bd6 1/2-1/2

[Event "Paracin op-A 15th"]
[Site "Paracin"]
[Date "2022.07.09"]
[Round "3"]
[White "Pavlov, Mark"]
[Black "Kurmangaliyeva, Liya"]
[Result "1/2-1/2"]
[WhiteElo "2385"]
[BlackElo "2157"]
[PlyCount "113"]
[EventDate "2022.07.08"]
[EventType "swiss"]
[EventRounds "9"]
[EventCountry "SRB"]
[SourceTitle "EXT 2023"]
[Source "ChessBase"]
[SourceDate "2022.10.05"]
[SourceVersion "1"]
[SourceVersionDate "2022.10.05"]
[SourceQuality "1"]

1. d4 Nf6 2. Nf3 g6 3. g3 Bg7 4. Bg2 0-0 5. 0-0 d6 6. c4 Nbd7 7. Nc3 e5 8. e4 exd4 9. Nxd4 Re8 10. h3 Nc5 11. Re1 h6 12. Nb3 Ne6 13. f4 a6 14. Be3 Rb8 15. Ba7 Ra8 16. Bf2 Rb8 17. Qc2 Bd7 18. Rad1 Qc8 19. Kh2 h5 20. e5 dxe5 21. fxe5 Nh7 22. Nd5 Nd8 23. Nd4 h4 24. gxh4 Nc6 25. e6 Bxe6 26. Nxe6 Rxe6 27. Bg3 Ne5 28. Nf4 Re8 29. Nd3 Qf5 30. Rf1 Qh5 31. Qf2 Re7 32. Nf4 Qh6 33. Nd5 Rd7 34. Kh1 Kh8 35. Nc3 Rxd1 36. Rxd1 c6 37. Ne4 Qh5 38. Qf1 Rf8 39. Nd6 Kg8 40. Re1 Nd7 41. Nxb7 Be5 42. Bxe5 Nxe5 43. Qe2 Qxe2 44. Rxe2 Nxc4 45. Bxc6 Rc8 46. Bf3 Nb6 47. Nd6 Rc7 48. h5 gxh5 49. Bxh5 f6 50. Bg4 Kf8 51. Kg2 Nd5 52. Rd2 Nf4+ 53. Kf3 Ng6 54. Nf5 Ne5+ 55. Kg3 Rc6 56. Rd6 Rxd6 57. Nxd6 1/2-1/2

[Event "Paracin op-A 15th"]
[Site "Paracin"]
[Date "2022.07.09"]
[Round "2"]
[White "Phatak, Aanjaneya"]
[Black "Pavlov, Mark"]
[Result "0-1"]
[WhiteElo "2128"]
[BlackElo "2385"]
[PlyCount "70"]
[EventDate "2022.07.08"]
[EventType "swiss"]
[EventRounds "9"]
[EventCountry "SRB"]
[SourceTitle "EXT 2023"]
[Source "ChessBase"]
[SourceDate "2022.10.05"]
[SourceVersion "1"]
[SourceVersionDate "2022.10.05"]
[SourceQuality "1"]

1. e4 e6 2. d4 d5 3. Nc3 Nf6 4. Bg5 Bb4 5. e5 h6 6. Bd2 Bxc3 7. bxc3 Ne4 8. Bc1 c5 9. Ne2 cxd4 10. cxd4 Nc6 11. c3 Qa5 12. Qb3 f6 13. f3 Ng5 14. exf6 gxf6 15. h4 Nf7 16. Ba3 Bd7 17. 0-0-0 0-0-0 18. Nf4 Qc7 19. Ng6 Rhe8 20. Bc5 b6 21. Ba6+ Kb8 22. Rd2 Ka8 23. Ba3 Na5 24. Qb4 Bc6 25. Ne7 Nd6 26. Nxc6 Qxc6 27. Re2 Nac4 28. Bxc4 Nxc4 29. Kb1 Qb5 30. Bc1 Na3+ 31. Bxa3 Qxe2 32. Qa4 Qc4 33. Qc2 Rc8 34. Bb2 e5 35. Rd1 exd4 0-1

[Event "Novi Sad Serbia op-A"]
[Site "Novi Sad"]
[Date "2022.06.28"]
[Round "1"]
[White "Pavlov, Mark"]
[Black "Ram, Aravind LN"]
[Result "0-1"]
[WhiteElo "2385"]
[BlackElo "2219"]
[PlyCount "106"]
[EventDate "2022.06.28"]
[EventType "swiss"]
[EventRounds "9"]
[EventCountry "SRB"]
[SourceTitle "EXT 2023"]
[Source "ChessBase"]
[SourceDate "2022.10.05"]
[SourceVersion "1"]
[SourceVersionDate "2022.10.05"]
[SourceQuality "1"]

1. d4 Nf6 2. Nf3 d5 3. c4 e6 4. e3 a6 5. b3 Bb4+ 6. Nbd2 Ne4 7. Bd3 c5 8. 0-0 Nxd2 9. Bxd2 Bxd2 10. Qxd2 cxd4 11. cxd5 Qxd5 12. Nxd4 0-0 13. Qc2 Qh5 14. Rac1 Nd7 15. Qc7 Qe5 16. Be2 Qxc7 17. Rxc7 Nf6 18. Bf3 e5 19. Nc2 Bf5 20. e4 Bxe4 21. Bxe4 Nxe4 22. Rxb7 Rac8 23. Ne3 Rfd8 24. Ra7 Ra8 25. Rxa8 Rxa8 26. Rd1 Nc3 27. Rd2 f6 28. f3 Ra7 29. Kf2 Kf7 30. Nc4 Nb5 31. Rd8 Nd4 32. f4 Ne6 33. Rh8 Nxf4 34. Rxh7 Nd3+ 35. Ke3 Nc1 36. Nd6+ Kg6 37. Rh4 Rd7 38. Rc4 Nxb3 39. Ne4 Nd4 40. Ra4 Nc2+ 41. Ke2 Rd4 42. Rxd4 Nxd4+ 43. Kd3 Ne6 44. g3 f5 45. Nd6 Kf6 46. Kc4 e4 47. g4 e3 48. Kd3 f4 49. Nc4 Kg5 50. Ne5 Kh4 51. Ke2 Kh3 52. Kf3 Kxh2 53. g5 Kg1 0-1

[Event "Budapest Vezerkepzo IM 02"]
[Site "Budapest"]
[Date "2022.03.03"]
[Round "9"]
[White "Pavlov, Mark"]
[Black "Milikow, Elie"]
[Result "1/2-1/2"]
[WhiteElo "2284"]
[BlackElo "2164"]
[PlyCount "57"]
[EventDate "2022.02.22"]
[EventType "tourn"]
[EventRounds "9"]
[EventCountry "HUN"]
[SourceTitle "CBM 207 Extra"]
[Source "ChessBase"]
[SourceDate "2022.05.31"]
[SourceVersion "1"]
[SourceVersionDate "2022.05.31"]
[SourceQuality "1"]

1. d4 Nf6 2. Nf3 d5 3. c4 e6 4. g3 Bb4+ 5. Bd2 a5 6. Qc2 0-0 7. Bg2 c5 8. cxd5 cxd4 9. Nxd4 Qb6 10. e3 exd5 11. 0-0 Nc6 12. Nxc6 bxc6 13. Rc1 Rb8 14. Nc3 h5 15. a3 Be7 16. Na4 Qc7 17. Nc5 h4 18. e4 h3 19. Bh1 Rb5 20. b4 Bxc5 21. bxc5 Nxe4 22. Bxe4 dxe4 23. Qxe4 Be6 24. Bf4 Qd7 25. Bd6 Bd5 26. Qf4 Re8 27. Re1 Rxe1+ 28. Rxe1 Qe6 29. Qd2 1/2-1/2

[Event "Budapest Vezerkepzo IM 02"]
[Site "Budapest"]
[Date "2022.02.24"]
[Round "3"]
[White "Pavlov, Mark"]
[Black "To, Nhat Minh"]
[Result "1/2-1/2"]
[WhiteElo "2284"]
[BlackElo "2325"]
[PlyCount "36"]
[EventDate "2022.02.22"]
[EventType "tourn"]
[EventRounds "9"]
[EventCountry "HUN"]
[SourceTitle "CBM 207 Extra"]
[Source "ChessBase"]
[SourceDate "2022.05.31"]
[SourceVersion "1"]
[SourceVersionDate "2022.05.31"]
[SourceQuality "1"]

1. d4 Nf6 2. Nf3 d5 3. c4 e6 4. e3 a6 5. b3 c5 6. cxd5 Nxd5 7. Be2 cxd4 8. Nxd4 Bb4+ 9. Bd2 e5 10. Nc2 Bc5 11. Nc3 0-0 12. 0-0 Nxc3 13. Bxc3 Qe7 14. b4 Rd8 15. Qc1 Bd6 16. e4 Nc6 17. Qb2 Be6 18. Rfd1 Rd7 1/2-1/2

[Event "Budapest Vezerkepzo IM 02"]
[Site "Budapest"]
[Date "2022.02.23"]
[Round "2"]
[White "Papp, Gellert"]
[Black "Pavlov, Mark"]
[Result "0-1"]
[WhiteElo "2283"]
[BlackElo "2284"]
[PlyCount "48"]
[EventDate "2022.02.22"]
[EventType "tourn"]
[EventRounds "9"]
[EventCountry "HUN"]
[SourceTitle "CBM 207 Extra"]
[Source "ChessBase"]
[SourceDate "2022.05.31"]
[SourceVersion "1"]
[SourceVersionDate "2022.05.31"]
[SourceQuality "1"]

1. e4 e6 2. d4 d5 3. Nc3 Nf6 4. e5 Nfd7 5. f4 c5 6. Nf3 Nc6 7. Be3 a6 8. Qd2 b5 9. Bd3 Qb6 10. Qf2 cxd4 11. Nxd4 Bc5 12. Nce2 f6 13. 0-0-0 Bb7 14. exf6 gxf6 15. c3 b4 16. Bc2 0-0-0 17. Rhe1 e5 18. Nf5 bxc3 19. Nxc3 d4 20. Na4 Qb5 21. Bd2 d3 22. Nxc5 Nxc5 23. Bb1 Nd4 24. Nxd4 Qc4+ 0-1

[Event "Budapest Vezerkepzo IM 02"]
[Site "Budapest"]
[Date "2022.02.22"]
[Round "1"]
[White "Pavlov, Mark"]
[Black "Acor, Corey B"]
[Result "1-0"]
[WhiteElo "2284"]
[BlackElo "2326"]
[PlyCount "69"]
[EventDate "2022.02.22"]
[EventType "tourn"]
[EventRounds "9"]
[EventCountry "HUN"]
[SourceTitle "CBM 207 Extra"]
[Source "ChessBase"]
[SourceDate "2022.05.31"]
[SourceVersion "1"]
[SourceVersionDate "2022.05.31"]
[SourceQuality "1"]

1. d4 Nf6 2. Nf3 g6 3. g3 Bg7 4. Bg2 0-0 5. 0-0 d6 6. c4 Nbd7 7. Nc3 e5 8. dxe5 dxe5 9. Qc2 c6 10. b3 Re8 11. Bb2 Qc7 12. Rad1 Nc5 13. b4 Bf5 14. Qc1 Ncd7 15. c5 a5 16. a3 axb4 17. axb4 Be6 18. Nd2 Nd5 19. Nxd5 cxd5 20. Nb3 Ra4 21. Bxd5 Bxd5 22. Rxd5 Rxb4 23. Qc3 Ra4 24. Rfd1 Nf8 25. Qd3 Ra2 26. Bc3 Ra3 27. Qc4 Rea8 28. Rd6 Qc8 29. Qd5 Qe8 30. Rb6 Ne6 31. Bxe5 Bxe5 32. Qxe5 Qa4 33. Rxe6 Rxb3 34. Red6 Qe8 35. Qf6 1-0

[Event "Ayvalik Pirgos"]
[Site "Ayvalik"]
[Date "2022.01.27"]
[Round "5"]
[White "Pavlov, Mark"]
[Black "Benkovic, Petar"]
[Result "1/2-1/2"]
[WhiteElo "2284"]
[BlackElo "2385"]
[PlyCount "60"]
[EventDate "2022.01.24"]
[EventType "schev"]
[EventRounds "9"]
[EventCountry "TUR"]
[SourceTitle "EXT 2023"]
[Source "ChessBase"]
[SourceDate "2022.10.05"]
[SourceVersion "1"]
[SourceVersionDate "2022.10.05"]
[SourceQuality "1"]
[WhiteTeam "Team 2"]
[BlackTeam "Team 4"]
[WhiteTeamCountry "TUR"]
[BlackTeamCountry "TUR"]

1. d4 Nf6 2. Nf3 e6 3. c4 b6 4. e3 Bb7 5. Bd3 d5 6. b3 Bd6 7. 0-0 0-0 8. Bb2 Nbd7 9. Nbd2 Ne4 10. Qe2 a6 11. Rfd1 Qe7 12. Rac1 f5 13. Ne5 Nxd2 14. Rxd2 Nxe5 15. dxe5 Bb4 16. Rdc2 dxc4 17. Rxc4 Rac8 18. f4 Rfd8 19. R4c2 a5 20. Ba6 Bxa6 21. Qxa6 Qd7 22. Bc3 Ra8 23. Qc4 Bxc3 24. Rxc3 c5 25. a4 h6 26. h3 Kh7 27. Kh2 Ra7 28. R1c2 Raa8 29. Rc1 Ra7 30. R1c2 Raa8 1/2-1/2

[Event "Novi Sad TS Mix 227th"]
[Site "Novi Sad"]
[Date "2021.12.01"]
[Round "2"]
[White "Markovic, Miroslav"]
[Black "Pavlov, Mark"]
[Result "1/2-1/2"]
[WhiteElo "2302"]
[BlackElo "2215"]
[PlyCount "94"]
[EventDate "2021.11.30"]
[EventType "swiss"]
[EventRounds "9"]
[EventCountry "SRB"]
[SourceTitle "EXT 2023"]
[Source "ChessBase"]
[SourceDate "2022.10.05"]
[SourceVersion "1"]
[SourceVersionDate "2022.10.05"]
[SourceQuality "1"]

1. e4 d6 2. Nc3 g6 3. f4 Bg7 4. Nf3 Nf6 5. Bc4 0-0 6. d3 e6 7. 0-0 d5 8. Bb3 c5 9. e5 Nfd7 10. Ne2 f6 11. exf6 Nxf6 12. c3 Nc6 13. d4 b6 14. Ba4 Bd7 15. Be3 Ng4 16. Bd2 Qe7 17. h3 Nf6 18. Be1 cxd4 19. cxd4 Ne4 20. Rc1 Rac8 21. a3 Qe8 22. Bc2 Nd6 23. Bd3 Nf5 24. Bf2 Nce7 25. Ne5 Bb5 26. Nc3 Bxd3 27. Qxd3 Nd6 28. g3 Bxe5 29. dxe5 Nc4 30. b3 Na5 31. Nb5 Rxc1 32. Rxc1 g5 33. Nd6 Qg6 34. Qxg6+ Nxg6 35. f5 exf5 36. e6 Nxb3 37. Rc7 Rf6 38. Rc8+ Rf8 39. Rc3 Nd2 40. Rc7 Rf6 41. Rc8+ Rf8 42. Rc7 Rf6 43. Rxa7 Rxe6 44. Nxf5 Ne5 45. Ne7+ Kf8 46. Nxd5 Nef3+ 47. Kg2 Re2 1/2-1/2

[Event "Arandjelovac ASK Mix-3"]
[Site "Arandjelovac"]
[Date "2021.11.05"]
[Round "8"]
[White "Ritviz, Parab"]
[Black "Pavlov, Mark"]
[Result "1/2-1/2"]
[WhiteElo "2296"]
[BlackElo "2187"]
[PlyCount "63"]
[EventDate "2021.10.31"]
[EventType "swiss"]
[EventRounds "10"]
[EventCountry "SRB"]
[SourceTitle "CBM 205 Extra"]
[Source "ChessBase"]
[SourceDate "2022.01.31"]
[SourceVersion "1"]
[SourceVersionDate "2022.01.31"]
[SourceQuality "1"]

1. e4 d6 2. d4 Nf6 3. Nc3 g6 4. Nge2 Bg7 5. g3 0-0 6. Bg2 c5 7. dxc5 dxc5 8. Qxd8 Rxd8 9. Be3 Na6 10. h3 e6 11. e5 Ne8 12. f4 Rb8 13. Kf2 b6 14. Rhd1 Rxd1 15. Rxd1 Bb7 16. Bxb7 Rxb7 17. Nb5 f6 18. Rd8 Rb8 19. Rd7 fxe5 20. Nxa7 Nf6 21. Re7 Nb4 22. Rxe6 Nxc2 23. Nc6 Ra8 24. Nxe5 Nd5 25. Bc1 Bxe5 26. fxe5 Rf8+ 27. Kg1 Nde3 28. Bxe3 Nxe3 29. Nf4 g5 30. Nh5 Rf1+ 31. Kh2 Rf2+ 32. Kg1 1/2-1/2

[Event "Arandjelovac ASK Mix-3"]
[Site "Arandjelovac"]
[Date "2021.10.31"]
[Round "1"]
[White "Vetokhin, Savva"]
[Black "Pavlov, Mark"]
[Result "1/2-1/2"]
[WhiteElo "2339"]
[BlackElo "2187"]
[PlyCount "78"]
[EventDate "2021.10.31"]
[EventType "swiss"]
[EventRounds "10"]
[EventCountry "SRB"]
[SourceTitle "CBM 205 Extra"]
[Source "ChessBase"]
[SourceDate "2022.01.31"]
[SourceVersion "1"]
[SourceVersionDate "2022.01.31"]
[SourceQuality "1"]

1. Nf3 Nf6 2. g3 d5 3. Bg2 c6 4. c4 g6 5. 0-0 Bg7 6. d4 0-0 7. Nc3 dxc4 8. a4 Nbd7 9. e4 a5 10. Qe2 Nb6 11. h3 Nfd7 12. Be3 e6 13. Rfd1 Qe7 14. Ne5 Rd8 15. f4 c5 16. Nxd7 Bxd7 17. dxc5 Bxc3 18. cxb6 Bb4 19. Qxc4 Bxa4 20. Rxd8+ Qxd8 21. e5 Rc8 22. Qd4 Qxd4 23. Bxd4 Rc4 24. Bf2 Bc6 25. Rd1 Bc5 26. Bxc5 Rxc5 27. Rd8+ Kg7 28. Rc8 Rc1+ 29. Kh2 Rc2 30. Rxc6 bxc6 31. b4 Rb2 32. bxa5 Rb5 33. Bxc6 Rxa5 34. Kg2 Ra3 35. b7 Rb3 36. h4 h5 37. Kh3 Kf8 38. Kh2 Ke7 39. Kg2 Kf8 1/2-1/2

[Event "Paracin Orbis IM 4th"]
[Site "Paracin"]
[Date "2021.07.27"]
[Round "5"]
[White "Pavlov, Mark"]
[Black "Brankovic, Dejan"]
[Result "0-1"]
[WhiteElo "2195"]
[BlackElo "2312"]
[PlyCount "50"]
[EventDate "2021.07.24"]
[EventType "tourn"]
[EventRounds "9"]
[EventCountry "SRB"]
[SourceTitle "CBM 203 Extra"]
[Source "ChessBase"]
[SourceDate "2021.09.30"]
[SourceVersion "1"]
[SourceVersionDate "2021.09.30"]
[SourceQuality "1"]

1. d4 Nf6 2. Nf3 g6 3. g3 Bg7 4. Bg2 c5 5. d5 d6 6. 0-0 0-0 7. Nc3 e6 8. e4 exd5 9. exd5 Na6 10. h3 Nc7 11. a4 b6 12. g4 Bb7 13. Nh2 a6 14. Bg5 h6 15. Bh4 b5 16. Rb1 Qd7 17. axb5 axb5 18. Qd2 b4 19. Ne4 Nxe4 20. Bxe4 Rfe8 21. Rfe1 Ra2 22. Nf1 Kh7 23. Ng3 Kg8 24. Kh2 Nb5 25. g5 Nd4 0-1

[Event "Paracin Orbis IM 4th"]
[Site "Paracin"]
[Date "2021.07.27"]
[Round "6"]
[White "Rakshitta, Ravi"]
[Black "Pavlov, Mark"]
[Result "0-1"]
[WhiteElo "2190"]
[BlackElo "2195"]
[PlyCount "60"]
[EventDate "2021.07.24"]
[EventType "tourn"]
[EventRounds "9"]
[EventCountry "SRB"]
[SourceTitle "CBM 203 Extra"]
[Source "ChessBase"]
[SourceDate "2021.09.30"]
[SourceVersion "1"]
[SourceVersionDate "2021.09.30"]
[SourceQuality "1"]

1. e4 d6 2. d4 g6 3. Nc3 Bg7 4. Bg5 a6 5. f4 b5 6. Nf3 Bb7 7. a3 Nd7 8. Bd3 c5 9. d5 Ngf6 10. 0-0 c4 11. Be2 Ng4 12. Qd2 Qb6+ 13. Kh1 Nf2+ 14. Rxf2 Qxf2 15. e5 dxe5 16. d6 e4 17. Nxe4 Bxe4 18. Bxe7 Bxf3 19. gxf3 Qd4 20. Qe1 Qxf4 21. Qg1 Be5 22. Rd1 f6 23. Bf1 Kf7 24. Bh3 Rhd8 25. Re1 Nc5 26. Re2 Bxd6 27. Bxd8 Rxd8 28. Qd1 Bc7 29. Qe1 Be5 30. Qg1 Qxf3+ 0-1

[Event "Paracin Orbis IM 4th"]
[Site "Paracin"]
[Date "2021.07.25"]
[Round "3"]
[White "Pavlov, Mark"]
[Black "Mehmed, Elif"]
[Result "0-1"]
[WhiteElo "2195"]
[BlackElo "2199"]
[PlyCount "80"]
[EventDate "2021.07.24"]
[EventType "tourn"]
[EventRounds "9"]
[EventCountry "SRB"]
[SourceTitle "CBM 203 Extra"]
[Source "ChessBase"]
[SourceDate "2021.09.30"]
[SourceVersion "1"]
[SourceVersionDate "2021.09.30"]
[SourceQuality "1"]

1. d4 Nf6 2. Nf3 g6 3. Bg5 Bg7 4. c3 d5 5. Nbd2 0-0 6. e3 Nbd7 7. Be2 Re8 8. b4 e5 9. Nb3 h6 10. Bh4 g5 11. Bg3 Ne4 12. Rc1 c6 13. a4 exd4 14. Nfxd4 Ndf6 15. 0-0 h5 16. f3 Nxg3 17. hxg3 Rxe3 18. Qd2 Re5 19. Nc5 Bh6 20. Rce1 Nd7 21. f4 g4 22. Bd1 Rxe1 23. Rxe1 Nxc5 24. bxc5 Bg7 25. Bc2 Bd7 26. Qd3 Kf8 27. Qh7 Qa5 28. Re3 Re8 29. Rxe8+ Bxe8 30. Kh2 Qxc5 31. Qf5 Bxd4 32. cxd4 Qxd4 33. Qxh5 Bd7 34. f5 Ke7 35. Qg5+ Kd6 36. Qd8 Qe3 37. Qh8 Kc7 38. f6 Be6 39. Qg7 Kb6 40. Bh7 c5 0-1

[Event "Paracin Orbis IM 3rd"]
[Site "Paracin"]
[Date "2021.07.23"]
[Round "9"]
[White "Pavlov, Mark"]
[Black "Potpara, Nikola"]
[Result "1-0"]
[WhiteElo "2195"]
[BlackElo "2370"]
[PlyCount "73"]
[EventDate "2021.07.17"]
[EventType "tourn"]
[EventRounds "9"]
[EventCountry "SRB"]
[EventCategory "1"]
[SourceTitle "CBM 203 Extra"]
[Source "ChessBase"]
[SourceDate "2021.09.30"]
[SourceVersion "1"]
[SourceVersionDate "2021.09.30"]
[SourceQuality "1"]

1. d4 f5 2. Nf3 Nf6 3. c4 e6 4. Nc3 Bb4 5. Bf4 0-0 6. e3 Ne4 7. Qc2 g5 8. Bg3 h5 9. Bd3 d5 10. cxd5 exd5 11. a3 Bxc3+ 12. bxc3 h4 13. Be5 Nc6 14. h3 Nxe5 15. Nxe5 Be6 16. 0-0 c5 17. Qe2 Rc8 18. Qh5 Qf6 19. Bxe4 dxe4 20. f4 exf3 21. Nxf3 Rc7 22. Qxg5+ Qxg5 23. Nxg5 Bd5 24. Rf4 Rg7 25. Nf3 cxd4 26. exd4 Bxf3 27. Rxf3 f4 28. Re1 Kh7 29. Re4 Rgf7 30. c4 Kg6 31. Kf2 Kg5 32. d5 Rd8 33. Rd3 Rf5 34. Kf3 b5 35. d6 bxc4 36. Rxc4 Rd7 37. Rc7 1-0

[Event "Paracin Orbis IM 3rd"]
[Site "Paracin"]
[Date "2021.07.21"]
[Round "7"]
[White "Mehmed, Elif"]
[Black "Pavlov, Mark"]
[Result "1/2-1/2"]
[WhiteElo "2199"]
[BlackElo "2195"]
[PlyCount "78"]
[EventDate "2021.07.17"]
[EventType "tourn"]
[EventRounds "9"]
[EventCountry "SRB"]
[EventCategory "1"]
[SourceTitle "CBM 203 Extra"]
[Source "ChessBase"]
[SourceDate "2021.09.30"]
[SourceVersion "1"]
[SourceVersionDate "2021.09.30"]
[SourceQuality "1"]

1. e4 d6 2. d4 g6 3. Nf3 Bg7 4. Nc3 a6 5. h3 b5 6. a4 b4 7. Nd5 Bb7 8. Nxb4 Bxe4 9. Bc4 e6 10. a5 Nf6 11. Qe2 Bb7 12. 0-0 0-0 13. Be3 Qc8 14. c3 Nbd7 15. Rfd1 Re8 16. Ne1 d5 17. Ba2 Ne4 18. Ned3 Nd6 19. Nc5 c6 20. Nxd7 Qxd7 21. Bb1 Nc4 22. Bd3 Nxe3 23. fxe3 Qc8 24. e4 e5 25. dxe5 Rxe5 26. Qf3 Qe8 27. exd5 cxd5 28. Nc2 Qe7 29. Qf1 Qg5 30. Nd4 Re3 31. Nf3 Qf4 32. Re1 d4 33. Nxd4 Bxd4 34. cxd4 Rxe1 35. Rxe1 Qxd4+ 36. Kh2 Qd6+ 37. Kh1 Rc8 38. Be4 Bxe4 39. Rxe4 Qd5 1/2-1/2

[Event "Paracin Orbis IM 3rd"]
[Site "Paracin"]
[Date "2021.07.20"]
[Round "5"]
[White "Hilwerda, Jonas"]
[Black "Pavlov, Mark"]
[Result "1-0"]
[WhiteElo "2209"]
[BlackElo "2195"]
[PlyCount "69"]
[EventDate "2021.07.17"]
[EventType "tourn"]
[EventRounds "9"]
[EventCountry "SRB"]
[EventCategory "1"]
[SourceTitle "CBM 203 Extra"]
[Source "ChessBase"]
[SourceDate "2021.09.30"]
[SourceVersion "1"]
[SourceVersionDate "2021.09.30"]
[SourceQuality "1"]

1. e4 d6 2. d4 g6 3. Nc3 Bg7 4. f4 a6 5. Nf3 b5 6. Bd3 Nd7 7. a4 b4 8. Ne2 c5 9. c3 a5 10. g4 Ba6 11. Be3 Bxd3 12. Qxd3 bxc3 13. bxc3 cxd4 14. Bxd4 e5 15. fxe5 Nxe5 16. Nxe5 dxe5 17. Qb5+ Qd7 18. Bb6 Qxb5 19. axb5 Nf6 20. Bxa5 Nxe4 21. 0-0 Nd2 22. Bb4 Rd8 23. Rfd1 e4 24. Kf2 f5 25. gxf5 gxf5 26. Nd4 Rxd4 27. cxd4 Bxd4+ 28. Ke2 Bxa1 29. Rxa1 Kd7 30. Bxd2 Rb8 31. Rb1 Rb7 32. Bf4 Ke6 33. b6 Kd5 34. Bc7 Kc6 35. Ke3 1-0